LEADER 02727nam 2200649 450 001 9910137096203321 005 20230621135359.0 035 $a(CKB)3710000000824709 035 $a(oapen)https://directory.doabooks.org/handle/20.500.12854/54487 035 $a(EXLCZ)993710000000824709 100 $a20160822h20152015 fy| 0 101 0 $aeng 135 $aur||#---||||| 181 $ctxt$2rdacontent 182 $cc$2rdamedia 183 $acr$2rdacarrier 200 00$aNeuro-motor control and feed-forward models of locomotion in humans /$fedited by: Marco Iosa, Nadia Dominici, Federica Tamburella and Leonardo Gizzi 210 $cFrontiers Media SA$d2015 210 1$a[Lausanne, Switzerland] :$cFrontiers Media SA,$d2015. 210 4$dİ2015 215 $a1 online resource (190 pages) $cillustrations; digital file(s) 225 1 $aFrontiers Research Topics 225 1 $aFrontiers in Human Neuroscience 311 $a2-88919-614-3 320 $aIncludes bibliographical references. 330 2 $aLocomotion involves many different muscles and the need of controlling several degrees of freedom. Despite the Central Nervous System can finely control the contraction of individual muscles, emerging evidences indicate that strategies for the reduction of the complexity of movement and for compensating the sensori-motor delays may be adopted. The scope of this Topic includes, but is not limited to, studies aimed at understanding the role played in control of locomotion of different neural circuits located at brain, cerebellum, and/or spinal cord levels, and related internal models. 410 0$aFrontiers research topics. 410 0$aFrontiers in human neuroscience. 606 $aNeurophysiology 606 $aHuman locomotion$xPhysiological aspects 606 $aMotor neurons 606 $aSpinal Cord Injuries$xrehabilitation 610 $aCerebellum 610 $aWalking 610 $aLocomotion 610 $aBrain 610 $aGait 610 $aSpinal Cord 610 $acentral pattern generator 610 $aFeedback 610 $afeedforward 610 $ainternal model 615 0$aNeurophysiology. 615 0$aHuman locomotion$xPhysiological aspects. 615 0$aMotor neurons. 615 2$aSpinal Cord Injuries$xrehabilitation. 700 $aNadia Dominici$4auth$01366796 702 $aIosa$b Marco 702 $aDominici$b Nadia 702 $aTamburella$b Federica 702 $aGizzi$b Leonardo 712 02$aFrontiers Research Foundation, 801 2$bUkMaJRU 906 $aBOOK 912 $a9910137096203321 996 $aNeuro-motor control and feed-forward models of locomotion in humans$93389350 997 $aUNINA LEADER 01064nam0 22002651i 450 001 UON00132384 005 20231205102801.853 100 $a20020107d1967 |0itac50 ba 101 $aita 102 $aIT 105 $a|||| 1|||| 200 1 $aAlcune questioni su Qusayr 'Amrah$fVincenzo Strika 205 $aNapoli : Istituto Universitario Orientale$b1967 210 $app. 343-348$a23 cm 215 $aEstratto dagli annali, nuova serie, vol. XVII, fasc. 4 620 $aIT$dNapoli$3UONL000012 686 $aARA IX$cPAESI ARABI - ARTI$2A 700 1$aSTRIKA$bVincenzo$3UONV007473$0206424 712 $aR. Istituto Orientale in Napoli$3UONV265274$4650 801 $aIT$bSOL$c20260313$gRICA 899 $aSIBA - SISTEMA BIBLIOTECARIO DI ATENEO E ARCHIVIO STORICO$2UONSI 912 $aUON00132384 950 $aSIBA - SISTEMA BIBLIOTECARIO DI ATENEO E ARCHIVIO STORICO$dSI MISC ARA IX 043 $eSI ARC934 5 043 996 $aAlcune questioni su Qusayr 'Amrah$91314131 997 $aUNIOR